| 000 | 00585nam a22002052 4500 | ||
|---|---|---|---|
| 001 | 0000005256 | ||
| 005 | 20151217151958.0 | ||
| 008 | 070611s xx 000 0 eng d | ||
| 020 | _a039701001X : | ||
| 040 |
_aKABU _cKABU |
||
| 050 | 0 |
_aTL553.9 _b.R43 |
|
| 100 | 1 |
_aRead, Piers Paul. _@0000156443 |
|
| 245 | 1 | 0 |
_aAlive : _bthe story of the Andes survivors. |
| 260 |
_aNew York : _bJ. B. Lippincott, _c1974. |
||
| 300 | _a352 p. | ||
| 650 | 0 |
_aAeronautics _xAccidents _y-1972. _@0000156444 |
|
| 908 | _a070611 | ||
| 950 | _@1 | ||
| 999 |
_c6949 _d6949 |
||